| 000 | 00954nam a22002777a 4500 | ||
|---|---|---|---|
| 001 | 1660 | ||
| 003 | CO-MdFUSB | ||
| 005 | 20180622072719.0 | ||
| 008 | 170509t1979 s ||||| |||| 00| 0 s d | ||
| 020 | _a84-7057-407-4 | ||
| 040 |
_aCO-MdFUSB _bspa _cCO-MdFUSB _dCO-MdFUSBC _erda |
||
| 041 | 0 | _aspa | |
| 082 | 0 | 4 | _aG 220.15 M3298t |
| 100 | 1 |
_aMargot, Jean-Claude _eautor |
|
| 245 | 1 | 0 |
_aTraducir sin traicionar _b : Teoría de la traducción a los textos bíblicos _c/ Jean Claude Margot ; Rufino Godoy, Traductor |
| 264 | 4 |
_aHuesca, Madrid, España : _b Cristiandad, _c©1979 |
|
| 300 | _a457 Pag | ||
| 336 |
_2rdacontent _a1 _ba1 |
||
| 337 |
_2rdamedia _a2 _b5 |
||
| 338 |
_2rdacarrier _a2 _b5 |
||
| 500 | _aTítulo original : Traduire sans trahir: La théorie de la traduction et son application aux textes bibliques | ||
| 650 | 7 |
_aHermenéutica _9418 |
|
| 653 | _aVersiones de la biblia | ||
| 653 | _aTraducción e interpretación | ||
| 942 | _cBK | ||
| 999 |
_c32909 _d32909 |
||